01382cam a2200301 i 450000100090000000300020000900500170001100800410002801000170006902000180008602500230010403700610012704000230018804200150021104300120022605000240023808200150026210000350027724500910031230000260040350400570042950503170048653800300080365000500083365000660088365000520094971000790100118313740020180117085946.0140923s2014 pk b 000 0 eng  a 2014363254 a9789698535230 aP-E-2014363254; 12 bLibrary of Congress -- Islamabad Overseas OfficecRs 400 aDLCbengcDLCerda alcodeapcc aa-pk---00aPK6996.W3bM35 2014 2306.44,SHA1 aMalik, Nadeem Shafiq,eauthor.12aA sociolinguistic study of Wakhi language of Northern Pakistan /cNadeem Shafiq Malik. ax, 222 pages ;c22 cm aIncludes bibliographical references (pages 207-222). alinguistic diversity of northern Pakistan(Page-01) Wakhan: The Homeland of Wakhi Community (Page-15) Wakhi Community settlement in Northern Pakistan(Page-25) Growth of Shia Imami Imaili Community in the Muslim World: An Historical Review(Page-39) Wakhi Language: An Appraisal( Page-63) Wakhi Literature(Page-89) aAlmirha No.44 Shelf No.3  0aWakhi languagezPakistanzGilgit-Baltistān. 0aWakhi languagexSocial aspectszPakistanzGilgit-Baltistān. 0aSociolinguisticszPakistanzGilgit-Baltistān.2 aNational University of Sciences and Technology (Islāmābād, Pakistan)